Statistics for Billy Joel Songs

Click here to take the quiz!

General Stats

  • This quiz has been taken 70 times
  • The average score is 19 of 52

Answer Stats

HintAnswer% Correct
Piano Man
97%
Uptown Girl
80%
We Didn't Start the Fire
76%
Allentown
63%
Captain Jack
59%
You May Be Right
58%
The River of Dreams
58%
Just the Way You Are
56%
Only the Good Die Young
56%
Big Shot
54%
Scenes from an Italian restaurant
54%
New York State of Mind
53%
Vienna
53%
Tell Her About It
51%
It's Still Rock and Roll to Me
51%
My Life
51%
Honesty
47%
The Longest Time
47%
Movin' Out (Anthony's Song)
46%
An Innocent Man
44%
The Stranger
42%
The Entertainer
41%
Goodnight Saigon
39%
She's Got a Way
37%
Keeping the Faith
37%
Say Goodbye to Hollywood
34%
A Matter of Trust
32%
Lullabye
31%
And So It Goes
31%
The Downeaster "Alexa"
31%
Leave a Tender Moment Alone
27%
Don't Ask Me Why
27%
Miami 2017 (Seen the Lights Go Out on Broadway)
25%
The Ballad of Billy the Kid
25%
All for Leyna
25%
Summer, Highland Falls
25%
Zanzibar
25%
Leningrad
24%
Prelude / Angry Young Man
24%
Baby Grand
24%
I Go to Extremes
22%
The Night is Still Young
22%
You're Only Human (Second Wind)
20%
Sometimes a Fantasy
19%
Stiletto
17%
All About Soul
15%
Storm Front
14%
This Is the Time
14%
Until the Night
7%
She's Always a Women
7%
Surprises
3%
Light as the Breeze
2%

Score Distribution

Percentile by Number Answered

Percent of People with Each Score

Your Score History

You have not taken this quiz